Normal view
MARC view
- Mukherjee, Amalendu Karmakar, Ranjit
Entry Personal Name
001 - CONTROL NUMBER
- control field: 62757
003 - CONTROL NUMBER IDENTIFIER
- control field: NUST
005 - DATE AND TIME OF LATEST TRANSACTION
- control field: 20210628203006.0
008 - FIXED-LENGTH DATA ELEMENTS
- fixed length control field: 210628|| aca||aabn | a|a d
040 ## - CATALOGING SOURCE
- Original cataloging agency: NUST
- Transcribing agency: NUST
100 ## - HEADING--PERSONAL NAME
- Personal name: Mukherjee, Amalendu Karmakar, Ranjit
670 ## - SOURCE DATA FOUND
- Source citation: Work cat.: (NUST): Mukherjee, Amalendu Karmakar, Ranjit, Modelling and simulation of enigneering systems through bondgraphs, 2000
